Using the Definite Article with Proper Nouns in English bakalárska práca

Gespeichert in:
Bibliographische Detailangaben
1. Verfasser: Mužíková, Sylvia
Körperschaft: Fakulta aplikovaných jazykov EU v Bratislave. Katedra jazykovedy a translatológie
Weitere Verfasser: Breveníková, Daniela
Format: Buch
Sprache:Englisch
Veröffentlicht: Bratislava 2018
Tags: Tag hinzufügen
Keine Tags, Fügen Sie das erste Tag hinzu!

MARC

LEADER 00000nbm a2200000 4500
001 0243980
005 20181011092830.3
041 0 |a eng 
044 |a SK 
245 1 0 |a Using the Definite Article with Proper Nouns in English  |b bakalárska práca  |c Sylvia Mužíková ; školiteľ: Daniela Breveníková 
264 1 |a Bratislava  |c 2018 
300 |a 40 s. 
100 1 |a Mužíková, Sylvia 
700 1 |a Breveníková, Daniela 
710 2 |a Fakulta aplikovaných jazykov EU v Bratislave. Katedra jazykovedy a translatológie